000 00813nam a22002177a 4500
999 _c61266
_d61266
005 20240117161542.0
008 240117s2023 enk||||| |||| 00| 0 eng d
020 _a9780323720892
041 _aeng
080 _a617.6 R-79
100 _aRosenstiel, Stephen F.
_98424
245 _aContemporary Fixed Prosthodontics /
_c Stephen F. Rosenstiel, Martin F. Land, Robert Walter.
250 _a6th Edition
264 _aPhiladelphia:
_bElsevier,
_c2023.
300 _a934 p.:
_bill.;
_c29 cm.
653 _aთანამედროვე ფიქსირებული პროთეზირება
653 _aსტომატოლოგია
700 _aLand, Martin F.
_eავტორი
_98427
700 _aWalter, Robert
_eავტორი
_921070
942 _2udc
_cᲬᲘᲒᲜᲘ